000 00298nam a22001337a 4500
008 170904b xxu||||| |||| 00| 0 eng d
020 _a9780205510542
041 _aeng
080 _a047
100 _a40
101 _aMED
245 _aTHE INTERVIEWING GUIDEBOOK
_cDEVITO.J.A
942 _2udc
_cBK
999 _c25961
_d25961